000
00319nam a22001337a 4500
082
_a
346.0860947RUD.
100
_a
Bernard Rudden.
245
_a
Soviet Insurance Law.
260
_a
Oxford.
_b
A.W. Sijthoff-Leyden.
_c
1966
300
_a
219pg.
_b
23cm.
500
_a
Includes index.
700
_a
Z. Szirmai.
942
_c
BK
999
_c
17037
_d
17037